MDQL
is popping MORE tags! Check the
thread
!
Quizzes
Events
Quiz Creation
Community
Videos
Private Events
Remove Ads
Sign In
Join for FREE
Feedback
Dark Mode
Quiz Categories
Sports
Geography
Music
Movies
Television
Just For Fun
Miscellaneous
History
Literature
Language
Science
Gaming
Entertainment
Religion
Holiday
For Kids
Quiz Lab
Recent
Popular Today
Quiz Kudos Today
Editor Picks
Curator Picks
Quizzes by...
Day
Popularity
Type
Ratings
Length
Year
Community
Subscriptions
Recent Discussions
Orange Saloon
Badges
Playlists
Quests
Create
Leaderboards
Showdown
Live 5
Trivia Bingo
Activity
Puzzle Library
Sporcle Events
Private Events
Virtual Trivia
Globe League
Become a Host
Pub Owners
SporcleCon
Opinionation
Our Games
Videos
Blog
Mobile Apps
Partnerships
Remove Ads and Go Orange
Feedback
Sports
Athletes
MLB
NBA
NHL
NFL
Soccer
Sports Teams
WWE
NCAA
Football
Premier League
Basketball
Baseball
Hockey
Golf
Tennis
Cricket
Rugby
Auto Racing
Olympics
World Cup
Sports
Athletes
MLB
NBA
NHL
NFL
Soccer
Sports Teams
WWE
NCAA
Football
Premier League
Basketball
Baseball
Hockey
Golf
Tennis
Cricket
Rugby
Auto Racing
Olympics
World Cup
Random Quiz
Search Sporcle
×
Quiz Lab
Quiz Lab
Sports
club
Type in answers that appear in a list
Type in answers that appear in a list
Classic
Best Score? Go Orange.
Gouden Schoen voor beste Belgische voetballer Stats
Wie won ooit de Gouden Schoen voor beste Belgische voetballer?
By
IVY440
10m
60 Questions
574 Plays
574 Plays
574 Plays
Comments
Comments
Give Quiz Kudos
Give Quiz Kudos
-
- Ratings
hide this ad
Replay
Link that replays current quiz
Next Quiz
Link to next quiz in quiz playlist
You Got
0%
They Got
Avg Score
39%
Avg Friend Score
Upgrade to see
Score Distribution
Jump to the score distribution portion of the page
Score
0/60
Timer
10:00
0
Plays Today
Jaar
Gouden Schoen
% Correct
2013
Thorgan Hazard
82.1%
2008
Axel Witsel
70.6%
2001
Wesley Sonck
67.1%
1987
Michel Preud'homme
64.3%
1989
Michel Preud'homme
64.3%
2007
Steven Defour
63.5%
2006
Mbark Boussoufa
63.4%
2010
Mbark Boussoufa
63.4%
2004
Vincent Kompany
61.6%
1980
Jan Ceulemans
59.4%
1985
Jan Ceulemans
59.4%
1986
Jan Ceulemans
59.4%
2012
Dieumerci Mbokani
58.8%
2009
Milan Jovanovic
57%
2002
Timmy Simons
54.5%
1978
Jean-Marie Pfaff
53.6%
1993
Pär Zetterberg
51.4%
1997
Pär Zetterberg
51.4%
1998
Branko Strupar
51.1%
1991
Marc Degryse
46.2%
1975
Johan Boskamp
45.8%
1999
Lorenzo Staelens
45.8%
2000
Jan Koller
45.1%
1994
Gilles De Bilde
44.4%
2011
Matias Suarez
44.4%
1954
Rik Coppens
44.2%
1960
Paul Van Himst
43%
1961
Paul Van Himst
43%
1965
Paul Van Himst
43%
1974
Paul Van Himst
43%
Jaar
Gouden Schoen
% Correct
2005
Sergio Conceicao
42.1%
1990
Franky Van der Elst
41.5%
1996
Franky Van der Elst
41.5%
1984
Enzo Scifo
40.8%
2003
Aruna Dindane
40.4%
1982
Eric Gerets
37.9%
1988
Eric Gerets
37.9%
1995
Paul Okon
37.9%
1976
Rob Rensenbrink
33.9%
1992
Philippe Albert
33%
1966
Wilfried Van Moer
30.5%
1969
Wilfried Van Moer
30.5%
1970
Wilfried Van Moer
30.5%
1983
Frank Vercauteren
30.1%
1981
Erwin Vandenbergh
28.2%
1957
Jef Jurion
23.1%
1962
Jef Jurion
23.1%
1956
Vic Mees
18.1%
1977
Julien Cools
15.9%
1979
Jean Janssens
15.2%
1972
Christian Piot
14.6%
1968
Odilon Polleunis
13.7%
1963
Jean Nicolay
9.9%
1964
Wilfried Puis
9.9%
1967
Fernand Boone
9.9%
1973
Maurice Martens
8.3%
1959
Lucien Olieslagers
8.1%
1955
Fons Van Brandt
7.6%
1971
Erwin Vandendaele
7%
1958
Roland Storme
6.1%
Quiz Playlist
Details
Report
Send in Message
Add To Playlist
Classic:
Type in answers that appear in a list
Last Updated: Feb 16, 2017
Quiz Scoreboard
CHALLENGE
Sign Up to Join the Scoreboard
Show All
Scores
Hide
Comments
May contain spoilers
Recently Published
Find the 'City' Movie
by crazypaving
Movies
60s
5x2 Blitz: Bands
by SL_Kpop136
Music
30s
Colored Red Africa Blitz
by spor1
Geography
30s
More to Explore
Quiz From the Vault
Featured Blog Post
14 Easter Pick-up Lines to Find Eggs With
hide this ad
You Might Also Like...
Tags
club
jaar
Wie
Won
Today's Top Quizzes in Sports
Browse Sports
hide this ad
Today's Top Quizzes in club
Browse club
Top Contributed Quizzes in Sports
1
Les entraîneurs de l'OM et du PSG au 21e siècle
2
Les meilleurs buteurs des matchs entre le PSG et l’OM
3
Les joueurs passés par le PSG et l'OM
4
Players with Multiple 50 Home Run Seasons
5
2022 World Cup Stars
6
Criteria MLB: Left Handed Sluggers
7
NBA Logic Puzzle 2.0
8
MLB Players with Two .350 Batting Average Seasons
9
Top 10 NHL Goal Scorers of All Time
10
Les joueurs passés par le LOSC et le RC Lens
Explore More
Trending Topics
NBA
Anime
Disney
Kpop
Harry Potter
Marvel
Crossword
The Office
Puzzle
Pokémon
NFL
WWE
Song
Soccer
Country
hide this ad
More By:
IVY440
Quiz
Plays
Rating
Category
Featured
Created
Gouden Schoen voor beste Belgische voetballer
574
1.33
Sports
Sep 4, 2014
Michael Schumacher's wins
110
Sports
Sep 8, 2014
Go to Creator's Profile
Score Distribution
Quiz Creator Spotlight
IVY440
Follow
Send a Message
Quizzes Created
-
Created Quiz Play Count
-
More By This Creator
Popular Quizzes Today
1
Colored Red Africa Blitz
2
Find the 'City' Movie
3
Find the US States - No Outlines Minefield
4
5x2 Blitz: Bands
5
The Countries of the World
6
Find the US States
7
US States
8
Find the Countries of Europe - No Outlines Minefield
More Sports Quizzes
7 to 1: One Team Big 4 Players
Published
Trending Quizzes
Colored Red Europe Blitz I
Colored Red Europe Blitz II
Colored Red Africa Blitz II
Colored Red Europe Blitz III
Colored Red Africa Blitz III
Recently Updated
How Do You Spell That?
pecheneg
Godzilla Movies
pecheneg
Grab Bag: 4-10 Letters
pecheneg
2024 March Madness Bracket
pecheneg
Famous TV Couples
Peacemaker
Champions League XIs: Real Madrid
pecheneg
Largest US Cities 1790-2010
pecheneg
Rides in Walt Disney World
pecheneg
Most Oscar Losses (Acting)
pecheneg
Beyoncé Albums
pecheneg
Trending Topics
Marvel
Crossword
Anime
Disney
Harry Potter
Kpop
NBA
Puzzle
Song
Country
The Office
NFL
WWE
Pokémon
Soccer
Your Account Isn't Verified!
In order to create a playlist on Sporcle, you need to verify the email address you used during registration. Go to your
Sporcle Settings
to finish the process.
Report this User
Report this user for behavior that violates our
Community Guidelines
.
Details:
Send Report
Go to the Sporcle.com Mobile Site →
Comments